000 00566nam a2200205Ia 4500
005 20250923144457.0
008 008 250917s9999 xx 000 0 eng d
037 _aTextual
040 _aDSWL
_beng
_cDSWL
041 _aeng
_2eng
084 _qDSWL
100 _aWakefeild, Eva Ingersoll
_9825288
245 4 _aThe letter of robert G.Ingersoll
_cby Eva Ingersoll Wakefeild
260 _aNew York
_b Philosophical Library
_c1951
300 _axii,747p.
365 _aUSD
_b7.5
925 _g7.5
942 _cTEXL
999 _c1439388
_d1439388